| 000 | 00736cam a22002533a 4500 | ||
|---|---|---|---|
| 001 | 10992 | ||
| 003 | PGUSA | ||
| 005 | 20140828083231.0 | ||
| 008 | 040201s2004||||xxu|||||s|||||000 | eng d | ||
| 040 |
_aPGUSA _beng |
||
| 042 | _adc | ||
| 050 | 4 | _aDT | |
| 100 | 1 |
_aAbbott, Jacob, _d1803-1879 |
|
| 245 | 1 | 0 |
_aCleopatra _h[electronic resource] / _cJacob Abbott |
| 260 |
_bProject Gutenberg, _c2004 |
||
| 506 | _aPublic domain in the USA. | ||
| 516 | _aElectronic text | ||
| 653 | _aQueens -- Egypt -- Biography | ||
| 653 | _aEgypt -- History -- 332-30 B.C. -- Biography | ||
| 653 | _aCleopatra, Queen of Egypt, d. 30 B.C. | ||
| 830 | 0 |
_aProject Gutenberg _v10992 |
|
| 856 | 4 | 0 | _uhttp://www.gutenberg.org/ebooks/10992 |
| 942 | _cEB | ||
| 999 |
_c240247 _d240247 |
||